Las dos caras del ozono /

El ozono: su composición química y sus consecuencias en la contaminación de bosques y cosechas. Los gases hidrocarburos como contaminantes en unión con el ozono. Los beneficios de la capa de ozono. Su deterioro.

Guardado en:
Autor Corporativo: Educable.
Formato: Deslizar
Series:United learning
Materias:
Etiquetas: Agregar Etiqueta
Sin Etiquetas, Sea el primero en etiquetar este registro!
LEADER 00954ngm a22002535g 4500
001 CEM.cems022515
008 130507b2000##################0###0#####d
005 20241105164633.0
245 1 0 |a Las dos caras del ozono /  |c Educable. 
300 |a 14'. 
490 0 |a United learning 
500 |a En soporte VHS, consultar en ventanilla. 
538 |a Soporte: VHS - Norma: Pal N - Color: Si - Grabación DRD 2000 - Hitachi=2245 
520 |a El ozono: su composición química y sus consecuencias en la contaminación de bosques y cosechas. Los gases hidrocarburos como contaminantes en unión con el ozono. Los beneficios de la capa de ozono. Su deterioro. 
110 2 |a Educable. 
082 5 7 |. 5/EDU 
653 |a ECOLOGIA 
653 |a MEDIO AMBIENTE 
653 |a OZONO 
653 |a CLIMA 
653 |a ATMOSFERA 
653 |a NIVEL PRIMARIO 
653 |a NIVEL SECUNDARIO 
859 |a CEMS  |b BIB. CEMS - Depto. Recursos Didacticos  |h 574.5  |i EDU  |k DRD  |p 1158.12  |t Ej.1